00478nam a2200157 a 450000100100000000500170001000800410002702000180006804000250008608200170011110000320012824500610016026000350022130000320025650400320028800004847120201002061158.0190322s2015 dr a r 000 0 spa d a9789945472493 aDO-SdBNPbspacBNPHU a625.7bM828p1 aMorales Sosa, Hugo Andrés10aPresupuesto de carreteras /cHugo Andrés Morales Sosa. aSanto Domingo :bINTEC,c2015. axv, 236 p. :bil. ;c28 cm. aBibliografía : p. 235-237